Diseño de un sistema de distribución para la empresa distribuidora y envasadora La Milagrosa en el casco urbano de los municipios de San Vicente y Cojutepeque (Registro nro. 27522)
[ vista simple ]
| 000 -CABECERA | |
|---|---|
| Longitud fija campo de control | 01039nam a22002177a 4500 |
| 003 - IDENTIFICADOR DELl NÚMERO DE CONTROL | |
| Identificador del número de control | OSt |
| 005 - FECHA Y HORA DE LA ÚLTIMA TRANSACCIÓN | |
| Fecha y hora de la última transacción | 20170408132514.0 |
| 008 - CÓDIGOS DE INFORMACIÓN DE LONGITUD FIJA | |
| Códigos de información de longitud fija | 150407b xxu||||| |||| 00| 0 eng d |
| 040 ## - FUENTE DE LA CATALOGACIÓN | |
| Centro transcriptor | CRI |
| 082 ## - NÚMERO DE LA CLASIFICACIÓN DECIMAL DEWEY | |
| Númeroo de clasificación | 658.8 |
| 100 ## - PUNTO DE ACCESO PRINCIPAL-NOMBRE DE PERSONA | |
| 9 (RLIN) | 41042 |
| Nombre de persona | Serrano Arias, Iris Azucena |
| 245 10 - MENCIÓN DE TÍTULO | |
| Título | Diseño de un sistema de distribución para la empresa distribuidora y envasadora La Milagrosa en el casco urbano de los municipios de San Vicente y Cojutepeque |
| Resto del título | : Proyecto |
| Mención de responsabilidad, etc. | Iris Azucena Serrano Arias, María Fátima Urías, Sindy Marilyn Castillo Mastínez |
| 260 ## - PUBLICACIÓN, DISTRIBUCIÓN, ETC. (PIE DE IMPRENTA) | |
| Lugar de publicación, distribución, etc. | Ilobasco (Cabañas) |
| Nombre del editor, distribuidor, etc. | Universidad Católica de El Salvador |
| Fecha de publicación, distribución, etc. | 2014 |
| 300 ## - DESCRIPCIÓN FÍSICA | |
| Extensión | 39 p. |
| Dimensiones | 27.5 cm |
| Material anejo | + 1 disco compacto |
| 502 ## - NOTA DE TESIS | |
| Nota de tesis | Trabajo de graduación para optar al grado académico de Licenciado en Mercadeo y Negocios Internacionales |
| 650 #0 - PUNTO DE ACCESO ADICIONAL DE MATERIA - TÉRMINO DE MATERIA | |
| 9 (RLIN) | 3991 |
| Término de materia o nombre geográfico como elemento inicial | Marketing |
| 700 ## - PUNTO DE ACCESO ADICIONAL - NOMBRE DE PERSONA | |
| 9 (RLIN) | 41043 |
| Nombre de persona | Urías, María Fátima |
| 700 ## - PUNTO DE ACCESO ADICIONAL - NOMBRE DE PERSONA | |
| 9 (RLIN) | 41044 |
| Nombre de persona | Castillo Martínez, Sindy Marilyn |
| 710 ## - PUNTO DE ACCESO ADICIONAL - NOMBRE DE ENTIDAD | |
| 9 (RLIN) | 40915 |
| Nombre de entidad o nombre de jurisdicción como elemento inicial | Universidad Católica de El Salvador |
| Unidad subordinada | Centro Regional de Ilobasco |
| 942 ## - ENTRADA DE ELEMENTOS AGREGADOS (KOHA) | |
| Fuente de clasificaión o esquema | Dewey Decimal Classification |
| Koha [por defecto] tipo de item | 4- Trabajo de Graduación |
| Parte de clasificación | prozim |
| Suprimido | Perdido | Fuente de clasificación o esquema | Estropeado | Restricciones de uso | No para préstamo | Código de colección | Localización permanente | Localización actual | Localización en estanter&íacute;as | Fecha adquisición | Fuente de adquisición | Número de inventario | Préstamos totales | Signatura completa | Código de barras | Fecha última consulta | Fecha último préstamo | Fecha del precio de reemplazo | Tipo de item de Koha |
|---|---|---|---|---|---|---|---|---|---|---|---|---|---|---|---|---|---|---|---|
| NULL | NULL | Dewey Decimal Classification | NULL | Prestable | NULL | NULL | Biblioteca Centro Regional de Ilobasco | Biblioteca Centro Regional de Ilobasco | Sala Principal | 02/07/2014 | CRI | 000014 | 2 | PR-000014 | 1041348 | 08/11/2024 | 08/11/2024 | 05/04/2017 | 4- Trabajo de Graduación |